00566nam a2200181Ia 4500020001800000082002400018100002500042245005500067260004500122300001000167504001900177650002600196650002400222650003100246650003500277650003200312650004000344 a81-7169-096-3 a305.800954484 JAV-; aJaved, Arifa Kulsoom 0aMuslim society in transition: a study of Hyderabad aNew DelhibCommonwealth Publishersc1992 a200p. aIncludes index aSociology - Hyderabad aMuslims - Hyderabad aSocial classes - Hyderabad aSociology, Islamic - Hyderabad aMuslim families - Hyderabad aHyderabad - Social life and customs